000 00697nam a2200217Ia 4500
003 OSt
005 20220926002519.0
006 a|||||r|||| 00| 0
007 ta
008 220923b |||||||| |||| 00| 0 eng d
037 _cGeneral Book
040 _aRTL
_cRTL
_beng
041 _2eng
_aeng
082 _aX:77.4, P4/UN
100 _aUNITED NATIONS DEVELOPMENT PROGRAMME
_929057
245 0 _aPromoting ICT for human development in Asia 2004
_b Realising the millennium development goals
260 _a New Delhi
_bNASSCOM
_c2004
300 _aviii, 96p
_ccm.
942 _hX:77.4, P4/UN
_cGB
_2CC
999 _c605304
_d605304